• 首页
  • 本馆介绍
  • 公告通知
  • 最新文献
  • 馆藏检索
  • 电子资源
  • 读者导购
  • 参考咨询
  • 我的图书馆
  • 登录
  • 详细信息显示
  • 放入我的书架
  • 预约/预借图书
  • 作者相关作品
  • 分类相关作品
  • 丛书相关作品
  • 出版社相关作品

书目信息

  • 表格格式
  • 工作单格式
  • 卡片格式
题名:
谷口广树的设计世界
    
 
作者: 谷口广树 著
分册:  
出版信息: 武汉   湖北美术出版社  1999.07
页数: 134页
开本: 29cm
丛书名: 新世代平面设计家
单 册:
中图分类: J531(313)
科图分类: 48.4074
主题词: 工艺美术--设计--日本--现代--图集
电子资源:
ISBN: 7-5394-0823-5
000 00961nam2 2200277 45
001 0199060400
005 20070612100138.46
010    @a7-5394-0823-5@dCNY86.00
100    @a19991011d1999 em y0chiy0121 ea
101 0  @achi
102    @aCN@b420000
105    @aa z 001yd
200 1  @a谷口广树的设计世界@AGu Kou Guang Shu De She Ji Shi Jie@f(日)谷口广树著@F( Ri ) Gu Kou Guang Shu Zhu
210    @a武汉@c湖北美术出版社@d1999.07
215    @a134页@d29cm
225 2  @a新世代平面设计家@e视觉语言丛书@dVisual message books@zeng
410  0 @12001 @a视觉语言丛书
510 1  @aTaniguchi Hiroki@zeng
512 1  @a新世代平面设计家 谷口广树的设计世界@AXin Shi Dai Ping Mian She Ji Jia Gu Kou Guang Shu De She Ji Shi Jie
606    @a工艺美术@x设计@y日本@z现代@x图集
690    @aJ531(313)@v4
692    @a48.4074@v2
701  0 @a谷口广树@AGu Kou Guang Shu@4著
801  0 @aCN@bNLC@c20070612
905    @aBZT@dJ531(313)@e1
906    @dCNY86.00@n0@r1
    
    谷口广树的设计世界/(日)谷口广树著.-武汉:湖北美术出版社,1999.07
    134页;29cm.-(新世代平面设计家:视觉语言丛书=Visual message books)
    
    
    ISBN 7-5394-0823-5:CNY86.00
    
●
相关链接 在五车中查询图书 在当当中查询图书 在豆瓣中查询图书


正题名:谷口广树的设计世界     索取号:J531(313)/1         预约/预借

序号 登录号 条形码 馆藏地/架位号 状态 备注
1 552752   230134617   中心书库中库/ 中库019架B面4列7层16/ [索取号:J531(313)/1] 在馆    
2 552753   230134616   中心书库中库/ 中库020架A面2列4层12/ [索取号:J531(313)/1] 在馆    
3 552754   230134615   中心书库中库/ 中库020架A面2列4层9/ [索取号:J531(313)/1] 在馆    
4 552755   230134614   中心书库中库/ 中库020架A面2列4层15/ [索取号:J531(313)/1] 在馆    
5 552756   230134613   中心书库中库/ 中库020架A面2列4层8/ [索取号:J531(313)/1] 在馆    
6 552757   230134622   中心书库中库/ 中库020架A面2列4层16/ [索取号:J531(313)/1] 在馆    
7 552758   230134621   中心书库中库/ 中库020架A面2列4层14/ [索取号:J531(313)/1] 在馆    
8 552759   230134620   中心书库中库/ 中库020架A面2列4层13/ [索取号:J531(313)/1] 在馆    
9 552760   230134619   中心书库中库/ 中库020架A面2列4层18/ [索取号:J531(313)/1] 在馆    
10 552761   230134618   中心书库中库/ 中库020架A面2列4层17/ [索取号:J531(313)/1] 在馆    
山东省滨州职业学院图书馆 欢迎您!
大连网信软件有限公司© 版权所有